000 00680nam a22002177a 4500
003 UA-OsUOA
001 47846
007 ta
008 20121010b un ||||| |||| 00| 0 ukr d
090 _a929/082
_bД53
942 _cBK
040 _aUA-OsUOA
_bukr
_cUA-OsUOA
_dUA-OsUOA
245 _aДмитро Паліїв: життя і діяльність (1896-1944)
_bзбірник праць і матеріалів
_cвідпов. ред. О. Купчинський
300 _a832 с. + іл. с.
955 _a1
041 _aukr
080 _a929/082
260 _aЛьвів
_c2007
650 7 _a9 Географія. Біографії. Історія
_2UDC
999 _c427947
_d427947